Informalidad laboral en Colombia, 1988-2000 : (Registro nro. 11810)
[ vista simple ]
| 000 -LEADER | |
|---|---|
| fixed length control field | 01771cam a2200313 a 4500 |
| 003 - CONTROL NUMBER IDENTIFIER | |
| control field | OSt |
| 005 - DATE AND TIME OF LATEST TRANSACTION | |
| control field | 20210526120201.0 |
| 008 - FIXED-LENGTH DATA ELEMENTS--GENERAL INFORMATION | |
| fixed length control field | 070814s2006 ck a b 000 0 spa d |
| 020 ## - INTERNATIONAL STANDARD BOOK NUMBER | |
| Canceled/invalid ISBN | 9584400178 |
| 035 ## - SYSTEM CONTROL NUMBER | |
| System control number | (OCoLC)ocn181601397 |
| 040 ## - CATALOGING SOURCE | |
| Original cataloging agency | COO |
| Transcribing agency | CO-JMCR |
| 041 ## - LANGUAGE CODE | |
| Language code of text/sound track or separate title | spa |
| 082 04 - DEWEY DECIMAL CLASSIFICATION NUMBER | |
| Classification number | 331.12 / |
| Item number | U731i |
| Edition number | 23 |
| 100 1# - MAIN ENTRY--PERSONAL NAME | |
| Personal name | Uribe, José Ignacio, |
| Relator term | autor |
| 9 (RLIN) | 26504 |
| 245 10 - TITLE STATEMENT | |
| Title | Informalidad laboral en Colombia, 1988-2000 : |
| Remainder of title | evolución, teorías y modelos / |
| Statement of responsibility, etc. | José Ignacio Uribe, Carlos Humberto Ortiz. |
| 250 ## - EDITION STATEMENT | |
| Edition statement | Primera edición |
| 260 ## - PUBLICATION, DISTRIBUTION, ETC. | |
| Place of publication, distribution, etc. | Cali, Colombia : |
| Name of publisher, distributor, etc. | Programa Editorial Universidad del Valle, |
| Date of publication, distribution, etc. | [2006] |
| 300 ## - PHYSICAL DESCRIPTION | |
| Extent | 210 páginas : |
| Other physical details | ilustraciones y gráficas en blanco y negro ; |
| Dimensions | 24 cm. |
| 490 1# - SERIES STATEMENT | |
| Series statement | Colección Libros de Investigación |
| 501 ## - WITH NOTE | |
| With note | Con: notas a pie de página. |
| 504 ## - BIBLIOGRAPHY, ETC. NOTE | |
| Bibliography, etc. note | Bibliografía : páginas 203-210. |
| 505 ## - FORMATTED CONTENTS NOTE | |
| Formatted contents note | Visiones sobre la informalidad laboral y una propuesta alternativa. -- Informalidad laboral urbana en Colombia: un contraste de hipótesis. -- Enfoque neoclásico de las decisiones en el mercado laboral colombiano. -- Industrialización, informalidad y apertura comercial. -- La segmentación del mercado laboral colombiano en la década de los noventa. -- Informalidad y defectos locales en las diez principales áreas metropolitanas de Colombia. -- Resumen, conclusiones y recomendaciones. |
| 520 0# - SUMMARY, ETC. | |
| Summary, etc. | A pesar de su creciente importancia, nadie sabe hoy en día qué se entiende exactamente por sector informal ni que lo determina. |
| 650 14 - SUBJECT ADDED ENTRY--TOPICAL TERM | |
| Topical term or geographic name entry element | Sector informal (economía) |
| Geographic subdivision | Colombia. |
| 9 (RLIN) | 37920 |
| 650 24 - SUBJECT ADDED ENTRY--TOPICAL TERM | |
| Topical term or geographic name entry element | Oferta de trabajo |
| Geographic subdivision | Colombia. |
| 9 (RLIN) | 37921 |
| 700 1# - ADDED ENTRY--PERSONAL NAME | |
| Personal name | Ortiz, Carlos Humberto. |
| Relator term | autor |
| 9 (RLIN) | 37922 |
| 830 #0 - SERIES ADDED ENTRY--UNIFORM TITLE | |
| Uniform title | Colección Libros de investigación (Cali, Colombia) |
| 9 (RLIN) | 37923 |
| 942 ## - ADDED ENTRY ELEMENTS (KOHA) | |
| Source of classification or shelving scheme | Dewey Decimal Classification |
| Koha item type | Books |
| Withdrawn status | Lost status | Source of classification or shelving scheme | Damaged status | Not for loan | Home library | Current library | Shelving location | Date acquired | Source of acquisition | Full call number | Barcode | Date last seen | Copy number | Price effective from | Koha item type |
|---|---|---|---|---|---|---|---|---|---|---|---|---|---|---|---|
| Dewey Decimal Classification | Biblioteca Pública José María del Castillo y Rada | Biblioteca Pública José María del Castillo y Rada | General Stacks | 04/15/2018 | Donación | 331.12 / U731i | 430002965 | 05/16/2024 | Ej.1 | 03/10/2021 | Books |